| 000 | 00430nam a2200169Ia 4500 | ||
|---|---|---|---|
| 008 | 240729s9999 xx 000 0 und d | ||
| 022 | _a1749-8090 | ||
| 245 | 0 | _aJournal of Cardiothoracic Surgery | |
| 260 | _aUnited Kingdom | ||
| 260 | _bBMC | ||
| 650 | _a Anesthesiology | ||
| 650 | _a Surgery | ||
| 650 | _aMedicine | ||
| 856 | _uhttps://doaj.org/toc/09a344cfa5144ab393cbe4f2b4a1361b | ||
| 942 | _2ddc | ||
| 942 | _cDOAJEJ | ||
| 999 |
_c74085 _d74085 |
||
| 945 |
_a1 _bMadushi Gamage _c1 _dMadushi Gamage |
||